Time - separable preferences and intertemporal - substitution models of business cycles

Salvato in:
Dettagli Bibliografici
Autore principale: Barro, Robert J.
Altri autori: King, Robert G.
Natura: Libro
Lingua:inglese
Pubblicazione: Rochester University 1982
Tags: Aggiungi Tag
Nessun Tag, puoi essere il primo ad aggiungerne!!

MARC

LEADER 00000nam a2200000 4500
001 c114163
005 20041019155157.8
041 0 |a eng 
044 |a US 
245 1 0 |a Time - separable preferences and intertemporal - substitution models of business cycles  |c Robert J. Barro, Robert G. King 
264 1 |a Rochester  |b University  |c 1982 
300 |a 55 s. 
100 1 |a Barro, Robert J. 
700 1 |a King, Robert G.